00613nam a2200169 i 450000100060000000300090000600500170001500700030003200800410003510000330007624500860010926000660019530000220026185200220028399900170030595201210032247091ES-MaACL20230906161512.0t|030403s1921 sp ||||1| spa d1 aContreras Camargo, E.94031813aEl secreto b: novela dramática en tres jornadas / cEnrique Contreras Camargo. aMadrid : b[s.n.], c1921 (fImp. G. Hernández y Galo Saez) a144 p. ; c19 cm. aES-MaACLjF-15019 c47091d47091 00104070aATENEOMbATENEOMcSPP2d2008-01-17eSCl0oF-15019p1049531r2023-02-23 00:00:00w2023-02-23yMONOGRAFIA